[Event "Götzis-Mozart 1910"]
[Site "Absam"]
[Date "2004.12.04"]
[Round "4"]
[White "Eisenbeiser, Amadeus"]
[Black "Opl, Klaus"]
[Result "1/2-1/2"]
[WhiteElo "2304"]
[BlackElo "2305"]
[PlyCount "96"]
[EventDate "2004.??.??"]

{128MB, Power.ctg, LANDESVERBAND} 1. e4 c5 2. Nc3 e6 3. f4 d5 4. exd5 exd5 5.
Bb5+ Nc6 6. Nf3 Nge7 7. Qe2 Qd6 8. Bxc6+ bxc6 9. O-O g6 10. b3 Bg7 11. Ba3 O-O
12. Ne5 Nf5 13. Na4 Re8 14. Bxc5 Qc7 15. Qf2 Rxe5 16. fxe5 Bxe5 17. g3 Ba6 18.
d3 Bxa1 19. Rxa1 Re8 20. Re1 Rxe1+ 21. Qxe1 Qd7 22. Qe5 Bc8 23. Bf2 d4 24. Nc5
Qd5 25. Qxd5 cxd5 26. b4 Ne3 27. c3 Nc2 28. Bxd4 Nxd4 29. cxd4 Kf8 30. a4 Ke7
31. Kf2 Kd6 32. b5 Kc7 33. a5 g5 34. h4 h6 35. Kf3 Kb8 36. Na4 Kc7 37. Nc3 Be6
38. Na2 Bd7 39. Nb4 Kd6 40. b6 axb6 41. axb6 Bc8 42. hxg5 hxg5 43. b7 Bxb7 44.
Kg4 f6 45. Kf5 Ke7 46. Kg6 Ke6 47. Nc2 Ba6 48. Nb4 Bb7 1/2-1/2

[Event "Wüstenrot Salzburg-Innsbrucker SK"]
[Site "Absam"]
[Date "2004.12.04"]
[Round "4"]
[White "Karpatchev, Aleksandr"]
[Black "Dür, Werner"]
[Result "1-0"]
[WhiteElo "2484"]
[BlackElo "2264"]
[PlyCount "71"]
[EventDate "2004.??.??"]

{128MB, Power.ctg, LANDESVERBAND} 1. e4 c6 2. d4 d5 3. Nc3 dxe4 4. Nxe4 Bf5 5.
Nc5 b6 6. Nb3 e6 7. Nf3 a5 8. a4 Nf6 9. Be2 Nd5 10. c3 Nd7 11. O-O Bd6 12. Re1
O-O 13. g3 h6 14. Nbd2 Qb8 15. Nc4 Bc7 16. Bd2 b5 17. axb5 cxb5 18. Na3 b4 19.
Nb5 bxc3 20. bxc3 Rc8 21. Qb3 N5f6 22. c4 Ne4 23. Be3 Nd6 24. c5 Nxb5 25. Bxb5
Nf6 26. Qa4 Nd5 27. Bd7 Rd8 28. Bc6 Ra7 29. Bd2 Ne7 30. Bb5 Rb7 31. Bf1 Rb3 32.
Ne5 f6 33. Nd7 Qb7 34. c6 Nxc6 35. Nc5 Nxd4 36. Nxb7 1-0

[Event "Reutte-Schwaz"]
[Site "Absam"]
[Date "2004.12.04"]
[Round "4"]
[White "Sandner, Gunter"]
[Black "Heinzel, Olaf"]
[Result "1/2-1/2"]
[WhiteElo "2327"]
[BlackElo "2402"]
[PlyCount "80"]
[EventDate "2004.??.??"]

{128MB, Power.ctg, LANDESVERBAND} 1. Nf3 d5 2. c4 c6 3. d4 Nf6 4. Nc3 Bf5 5.
Qb3 Qb6 6. c5 Qc7 7. Bf4 Qc8 8. h3 h6 9. e3 Nbd7 10. Be2 g5 11. Bg3 Bg7 12. O-O
g4 13. Nh4 Be6 14. hxg4 Nxg4 15. Nb1 h5 16. Qd3 Bh6 17. Nc3 Ndf6 18. b4 Rg8 19.
Bf4 Bxf4 20. exf4 Nh6 21. b5 Nf5 22. Nf3 h4 23. bxc6 bxc6 24. Ne5 h3 25. g3 Ne4
26. Bf3 Nfxg3 27. fxg3 Nxg3 28. Qh7 f6 29. Bg4 Nxf1 30. Ng6 Rxg6 31. Qxg6+ Kd8
32. Bxe6 Qxe6 33. Rxf1 Kd7 34. Kh2 Rb8 35. Rb1 Rxb1 36. Qxb1 Qg4 37. Qb7+ Kd8
38. Qb8+ Kd7 39. Qb7+ Kd8 40. Qb8+ Kd7 1/2-1/2

[Event "Bregenz-Ranshofen"]
[Site "Absam"]
[Date "2004.12.04"]
[Round "4"]
[White "Pöttinger, Harald"]
[Black "Bensch, Patrick"]
[Result "0-1"]
[WhiteElo "2259"]
[BlackElo "2295"]
[PlyCount "90"]
[EventDate "2004.??.??"]

{128MB, Power.ctg, LANDESVERBAND} 1. f4 g6 2. Nf3 Bg7 3. g3 c5 4. Bg2 Nc6 5.
O-O d5 6. d3 Nh6 7. Qe1 d4 8. Na3 O-O 9. h3 Nf5 10. g4 Nd6 11. e4 dxe3 12. c3
f5 13. Ng5 Nf7 14. Nxf7 Rxf7 15. Qe2 e5 16. Bxe3 Be6 17. Nc4 fxg4 18. Bxc6 bxc6
19. Nxe5 Bxe5 20. fxe5 gxh3 21. Rxf7 Bxf7 22. Rf1 Qd5 23. Qf2 c4 24. dxc4 Qxc4
25. b3 Qg4+ 26. Kh2 Be6 27. Qg3 Qe4 28. Rf4 Qc2+ 29. Qf2 Qxc3 30. Bd4 Qd3 31.
Qh4 Re8 32. Rf2 a6 33. Bb2 Qd1 34. Qf6 Qd5 35. Bc1 Bf7 36. Kxh3 Rxe5 37. Bb2
Re3+ 38. Kh2 Qh5+ 39. Kg1 Re1+ 40. Rf1 Qg4+ 41. Kh2 Re2+ 42. Rf2 Rxf2+ 43. Qxf2
Bd5 44. Bd4 Qh5+ 45. Kg3 g5 0-1

[Event "Reutte-Schwaz"]
[Site "Absam"]
[Date "2004.12.04"]
[Round "3"]
[White "Bayer, Bernhard"]
[Black "Januschke, Markus"]
[Result "1-0"]
[WhiteElo "2300"]
[BlackElo "2220"]
[PlyCount "71"]
[EventDate "2004.??.??"]

{128MB, Power.ctg, LANDESVERBAND} 1. Nf3 d5 2. c4 c6 3. e3 Nf6 4. Nc3 g6 5. d4
Bg7 6. Bd3 O-O 7. O-O Bg4 8. h3 Bxf3 9. Qxf3 dxc4 10. Bxc4 Nbd7 11. Rd1 e5 12.
d5 cxd5 13. Bxd5 Nxd5 14. Qxd5 Nb6 15. Qxb7 Qh4 16. e4 f5 17. Be3 Rf7 18. Qc6
Raf8 19. f3 Kh8 20. Bf2 Qg5 21. Rd3 Rc8 22. Qe6 Re7 23. Qxc8+ Nxc8 24. Rd8+ Bf8
25. Rxf8+ Kg7 26. Rxc8 Rd7 27. Nd5 Qd2 28. b4 fxe4 29. fxe4 Rf7 30. Be3 Qd3 31.
Re1 h6 32. Rc3 Qa6 33. a3 Qa4 34. Bc5 Qd7 35. Rg3 Qc6 36. Ne7 1-0

[Event "Götzis-Mozart 1910"]
[Site "Absam"]
[Date "2004.12.04"]
[Round "4"]
[White "Schmidlechner, Alexander"]
[Black "Peterwagner, Heinz"]
[Result "1/2-1/2"]
[WhiteElo "2212"]
[BlackElo "2214"]
[PlyCount "69"]
[EventDate "2004.??.??"]

{128MB, Power.ctg, LANDESVERBAND} 1. d4 c5 2. c3 g6 3. Nf3 Bg7 4. Bg5 Nf6 5.
Nbd2 cxd4 6. cxd4 O-O 7. e3 d6 8. Be2 Nc6 9. O-O h6 10. Bh4 Bf5 11. Qb3 Na5 12.
Qa3 a6 13. Rac1 Qb6 14. e4 Nxe4 15. Nxe4 Bxe4 16. Bxe7 Rfc8 17. Bxd6 Bxd4 18.
Nxd4 Qxd4 19. Bc5 Qd2 20. Bg4 Rc6 21. b4 b6 22. Be3 Qd6 23. Rcd1 Qf8 24. Rd4
Nc4 25. Qc1 Ne5 26. Qd1 Nxg4 27. Qxg4 Bf5 28. Qf4 h5 29. Qg3 Rac8 30. Rh4 Rc4
31. Rxh5 Rg4 32. Qf3 gxh5 33. Qxf5 Rxb4 34. Qxh5 Rbc4 35. Bxb6 1/2-1/2

[Event "Absam-Lustenau"]
[Site "Absam"]
[Date "2004.12.04"]
[Round "4"]
[White "Hugentobler, Patrik"]
[Black "Bromberger, Stefan"]
[Result "1/2-1/2"]
[WhiteElo "2237"]
[BlackElo "2440"]
[PlyCount "85"]
[EventDate "2004.??.??"]

{128MB, Power.ctg, LANDESVERBAND} 1. e4 e5 2. Nf3 Nc6 3. Bb5 Nf6 4. O-O Nxe4 5.
Qe2 Nd6 6. Bxc6 dxc6 7. Qxe5+ Qe7 8. Re1 Qxe5 9. Nxe5 Be7 10. h3 Bf5 11. d3 f6
12. Nf3 Kf7 13. Nc3 g5 14. Ne4 b6 15. Bd2 h6 16. Re2 c5 17. Rae1 Nxe4 18. dxe4
Be6 19. b3 a5 20. a4 Rhd8 21. Bc3 c4 22. Nd4 Bb4 23. Nxe6 Kxe6 24. Bxb4 axb4
25. f3 Ra5 26. Kf2 Rc5 27. Rb1 cxb3 28. Rxb3 Rc4 29. Ke3 c5 30. Rd2 Rxd2 31.
Kxd2 Ke5 32. g3 h5 33. Rd3 g4 34. Rd5+ Ke6 35. Rxh5 gxf3 36. Rf5 Rc3 37. h4 f2
38. g4 Rg3 39. g5 fxg5 40. hxg5 Rxg5 41. Rxf2 Ke5 42. c3 b3 43. Kd3 1/2-1/2

[Event "Götzis-Mozart 1910"]
[Site "Absam"]
[Date "2004.12.04"]
[Round "4"]
[White "Dobosz, Henryk"]
[Black "Schmidt, Georg"]
[Result "1-0"]
[WhiteElo "2453"]
[BlackElo "2364"]
[PlyCount "71"]
[EventDate "2004.??.??"]

{128MB, Power.ctg, LANDESVERBAND} 1. d4 e6 2. Nf3 Nf6 3. e3 c5 4. Bd3 b6 5. O-O
Be7 6. c4 cxd4 7. exd4 d5 8. cxd5 Nxd5 9. Nc3 O-O 10. Ne5 Ba6 11. Nb5 Nb4 12.
Be2 N4c6 13. a4 Nxe5 14. dxe5 Nc6 15. Bf4 Nb4 16. Qb3 Nd5 17. Bg3 Bb7 18. Rfd1
Qb8 19. Bf3 a6 20. Nd6 Bxd6 21. exd6 Nf6 22. d7 Qa7 23. Bh4 Nd5 24. Bxd5 Bxd5
25. Rxd5 exd5 26. Qxd5 Qc7 27. Rd1 Rad8 28. Be7 h6 29. g3 Qc2 30. Bxf8 Kxf8 31.
Qd6+ Kg8 32. Re1 Qxa4 33. Re7 a5 34. Qd5 Kh8 35. Qxf7 Qd1+ 36. Kg2 1-0

[Event "Reutte-Schwaz"]
[Site "Absam"]
[Date "2004.12.04"]
[Round "4"]
[White "Egartner, Wolfgang"]
[Black "Fuchs, Georg"]
[Result "1/2-1/2"]
[WhiteElo "2128"]
[BlackElo "2281"]
[PlyCount "108"]
[EventDate "2004.??.??"]

{128MB, Power.ctg, LANDESVERBAND} 1. d4 Nf6 2. Nf3 g6 3. g3 Bg7 4. Bg2 O-O 5.
O-O c6 6. b3 d5 7. Bb2 a5 8. c4 b5 9. cxb5 cxb5 10. Nc3 Ba6 11. Ne5 Qd6 12. Re1
b4 13. Na4 Nbd7 14. a3 Bb5 15. axb4 axb4 16. Nxd7 Nxd7 17. Nc5 Rxa1 18. Qxa1
Bxd4 19. Bxd4 Nxc5 20. Qb2 Nd7 21. Rd1 Rc8 22. Be3 e6 23. Bh6 Qe5 24. Rc1 Rxc1+
25. Qxc1 Qc3 26. Qg5 f6 27. Qg4 Kf7 28. Bf1 Qxb3 29. Bd2 Qc4 30. Qxc4 dxc4 31.
Bxb4 e5 32. f4 Ke6 33. Kf2 Kd5 34. Ke3 e4 35. g4 Nb8 36. Kd2 Bd7 37. h3 Na6 38.
Ba3 f5 39. gxf5 Bxf5 40. e3 Nc7 41. Bb4 Bd7 42. h4 Ne8 43. Kc3 Bb5 44. Bh3 Ba6
45. Be7 Nc7 46. Bd7 Bb5 47. Bd8 Bxd7 48. Bxc7 Bh3 49. Bd8 Bf1 50. Bg5 Ke6 51.
Kd4 Kf5 52. Be7 Kg4 53. Kc3 Kf3 54. Bc5 Kg4 1/2-1/2

[Event "Wörgl-Hohenems"]
[Site "Absam"]
[Date "2004.12.04"]
[Round "4"]
[White "Astl, Peter"]
[Black "Amann, Günter"]
[Result "1/2-1/2"]
[WhiteElo "2233"]
[BlackElo "2287"]
[PlyCount "95"]
[EventDate "2004.??.??"]

{128MB, Power.ctg, LANDESVERBAND} 1. d4 Nf6 2. Bg5 Ne4 3. Bf4 c5 4. f3 Qa5+ 5.
c3 Nf6 6. d5 Qb6 7. Qd2 Nxd5 8. Qxd5 Qxb2 9. Qb3 Qxa1 10. e4 Nc6 11. Nh3 e6 12.
Bb5 c4 13. Qc2 Ba3 14. Kd2 Na5 15. Rd1 Qb2 16. Qxb2 Bxb2 17. Ba4 a6 18. Kc2 b5
19. Kxb2 bxa4 20. Na3 d5 21. exd5 exd5 22. Rxd5 Nc6 23. Nxc4 O-O 24. Nb6 Ra7
25. Nxc8 Rxc8 26. Ng5 Rb7+ 27. Ka3 Rb5 28. c4 Rxd5 29. cxd5 Ne7 30. d6 Nd5 31.
Bg3 h6 32. Ne4 f5 33. Nc5 f4 34. Be1 Ne3 35. d7 Rd8 36. Kxa4 Nc4 37. g3 Nb6+
38. Ka3 fxg3 39. hxg3 Nxd7 40. Ba5 Nxc5 41. Bxd8 Ne6 42. Ba5 Ng5 43. f4 Ne4 44.
Be1 Nc5 45. Bf2 Ne4 46. Be1 Nc5 47. Bb4 Ne4 48. Be1 1/2-1/2

[Event "Wörgl-Hohenems"]
[Site "Absam"]
[Date "2004.12.04"]
[Round "4"]
[White "Tschohl, Christof"]
[Black "Mittelberger, Peter"]
[Result "1/2-1/2"]
[WhiteElo "2143"]
[BlackElo "2257"]
[PlyCount "114"]
[EventDate "2004.??.??"]

{128MB, Power.ctg, LANDESVERBAND} 1. e4 {0} 1... d6 2. d4 Nf6 3. Nc3 g6 4. f4
Bg7 5. Nf3 c5 6. Bb5+ Bd7 7. e5 Ng4 8. e6 Bxb5 9. exf7+ Kd7 10. Nxb5 Qa5+ 11.
Nc3 cxd4 12. Nxd4 Bxd4 13. Qxd4 Nc6 14. Qc4 Qb6 15. Qe2 h5 16. h3 Nh6 17. Bd2
Nf5 18. O-O-O Ng3 19. Qd3 Nxh1 20. Rxh1 Qd4 21. Qxg6 Raf8 22. Ne4 Nd8 23. Re1
Qd5 24. Bc3 Qxf7 25. Qxf7 Nxf7 26. Bxh8 Nxh8 27. Rf1 Ng6 28. f5 Nh4 29. g4 hxg4
30. hxg4 Rg8 31. g5 d5 32. Nc5+ Kc6 33. Nd3 Rxg5 34. f6 exf6 35. Rxf6+ Kc7 36.
Nc5 Rg1+ 37. Kd2 Rg2+ 38. Kd3 Ng6 39. Ne6+ Kc8 40. Rf5 Kd7 41. Nd4 Ne7 42. Rf7
Ke8 43. Rh7 a6 44. Ne6 Rg3+ 45. Kd4 Rg2 46. Kc3 Rg6 47. Rh8+ Kf7 48. Nd8+ Kg7
49. Re8 Rg3+ 50. Kd2 Rg2+ 51. Kd3 Rg3+ 52. Ke2 Nf5 53. Nxb7 Nd4+ 54. Kd2 Rg2+
55. Kd3 Nxc2 56. a3 Nxa3 57. bxa3 Ra2 1/2-1/2

[Event "Absam-Lustenau"]
[Site "Absam"]
[Date "2004.12.04"]
[Round "4"]
[White "Sucher, Johannes"]
[Black "Pilz, Dieter"]
[Result "1-0"]
[WhiteElo "2178"]
[BlackElo "2303"]
[PlyCount "77"]
[EventDate "2004.??.??"]

{128MB, Power.ctg, LANDESVERBAND} 1. d4 Nf6 2. Bg5 c5 3. Nc3 h6 4. Bxf6 exf6 5.
e3 Be7 6. dxc5 O-O 7. Qh5 Nc6 8. a3 Qa5 9. Bb5 b6 10. cxb6 Bb4 11. Nge2 a6 12.
Bxc6 Bxc3+ 13. Nxc3 Qxh5 14. Bxa8 Qa5 15. b7 Bxb7 16. Bxb7 Rb8 17. Be4 Rxb2 18.
Kd2 f5 19. Bd3 Rb8 20. Rhb1 Rc8 21. Rb4 g6 22. g3 Kg7 23. Rc4 Rd8 24. Ra4 Qc5
25. Rb1 d5 26. Ne2 Rd6 27. Rb3 d4 28. Nxd4 f4 29. exf4 Qh5 30. Rb7 Qxh2 31. Ke2
Qh5+ 32. Nf3 Qh1 33. Rxa6 Rxa6 34. Bxa6 Qc1 35. Bd3 Qxa3 36. Ne5 Kf8 37. Rxf7+
Ke8 38. Rd7 g5 39. Bg6+ 1-0

[Event "Bregenz-Ranshofen"]
[Site "Absam"]
[Date "2004.12.04"]
[Round "4"]
[White "Mathe, Gaspar"]
[Black "Weindl, Alfred"]
[Result "0-1"]
[WhiteElo "2357"]
[BlackElo "2354"]
[PlyCount "128"]
[EventDate "2004.??.??"]

{128MB, Power.ctg, LANDESVERBAND} 1. d4 {0} 1... Nf6 {0} 2. Nf3 g6 3. g3 Bg7 4.
Bg2 O-O 5. O-O d6 6. Re1 Nbd7 7. e4 e5 8. c4 c6 9. Nc3 Qb6 10. Re2 exd4 11.
Nxd4 Ne5 12. Na4 Qd8 13. Qb3 c5 14. Nf3 Bg4 15. Bf4 Nfd7 16. Rd2 Qa5 17. Nxe5
Nxe5 18. Rxd6 Be6 19. Bf1 Rad8 20. Rad1 Rxd6 21. Rxd6 Qe1 22. Qd1 Qxd1 23. Rxd1
b6 24. b3 Bg4 25. Rd6 Re8 26. h3 Nf3+ 27. Kh1 Bc8 28. Bg2 Ne1 29. Bg5 Bd4 30.
f3 Be5 31. Rd8 Rxd8 32. Bxd8 Bxg3 33. Bf6 Nd3 34. Bf1 Be5 35. Bxe5 Nxe5 36. Kg2
g5 37. Nc3 Bd7 38. Kg3 Kg7 39. f4 gxf4+ 40. Kxf4 Nc6 41. Ke3 Kf6 42. Ne2 Kg5
43. Ng1 Ne5 44. a3 Be6 45. Nf3+ Nxf3 46. Kxf3 h5 47. Kg3 h4+ 48. Kf3 a5 49. Ke3
Bd7 50. Bg2 Bc6 51. Bf3 Bd7 52. Bg2 f5 53. exf5 Bxf5 54. Bf1 Bc2 55. Be2 Kf5
56. Bd3+ Bxd3 57. Kxd3 a4 58. bxa4 Kf4 59. Kd2 Ke4 60. Kc2 Kd4 61. Kb3 Kd3 62.
a5 bxa5 63. Ka4 Kxc4 64. Kxa5 Kb3 0-1

[Event "Reutte-Schwaz"]
[Site "Absam"]
[Date "2004.12.04"]
[Round "4"]
[White "Angerer, Helmut"]
[Black "Jenul, Reinhold"]
[Result "1-0"]
[WhiteElo "2195"]
[BlackElo "2119"]
[PlyCount "113"]
[EventDate "2004.??.??"]

{128MB, Power.ctg, LANDESVERBAND} 1. b3 d5 2. Bb2 c5 3. e3 Nf6 4. Nf3 g6 5.
Bxf6 exf6 6. d4 Bg7 7. Be2 O-O 8. O-O f5 9. c3 Qe7 10. Nbd2 Nc6 11. Rc1 cxd4
12. Nxd4 Nxd4 13. exd4 Be6 14. Bf3 Rfd8 15. Re1 Rac8 16. Nf1 Qa3 17. Qd2 Qa5
18. g3 b5 19. Bg2 Qb6 20. b4 Qd6 21. f4 h5 22. h4 Rc7 23. Bf3 Rdc8 24. Kg2 Bf8
25. Ne3 Kg7 26. Rc2 Kh6 27. Rec1 Ra8 28. Qe2 Rb8 29. Ra1 Rbc8 30. Qd3 Qd7 31.
a3 Be7 32. Kh3 Kg7 33. Rac1 Kh6 34. Qe2 Rb8 35. Ra1 Rbc8 36. Nd1 Bf8 37. Rca2
Re8 38. a4 a6 39. axb5 axb5 40. Ra6 Rb8 41. R1a5 Be7 42. Qe5 Kh7 43. Ra3 Bf8
44. Nf2 Rbc8 45. Qe1 Rc6 46. Nd3 Rxa6 47. Rxa6 Qb7 48. Ra5 Re8 49. Qa1 Qc6 50.
Ne5 Qc8 51. Ra7 Kg7 52. Be2 Qb8 53. Qa6 Rc8 54. Qxe6 Qxa7 55. Qxc8 Qa1 56. Bf3
f6 57. Qc7+ 1-0

[Event "Wörgl-Hohenems"]
[Site "Absam"]
[Date "2004.12.04"]
[Round "4"]
[White "Feistenauer, Fred"]
[Black "Eybl, Alexander"]
[Result "0-1"]
[WhiteElo "2284"]
[BlackElo "2259"]
[PlyCount "110"]
[EventDate "2004.??.??"]

{128MB, Power.ctg, LANDESVERBAND} 1. c4 e6 2. g3 d5 3. Bg2 Nf6 4. Nf3 Be7 5.
O-O O-O 6. d4 c6 7. Qc2 Nbd7 8. Nbd2 b6 9. Rd1 Bb7 10. e4 dxc4 11. Nxc4 c5 12.
e5 Nd5 13. dxc5 Nxc5 14. b3 Rc8 15. Bb2 b5 16. Nd6 Bxd6 17. exd6 Na4 18. Qd2
Nxb2 19. Qxb2 Qxd6 20. Rd2 Qc5 21. Re1 Qc3 22. Qxc3 Rxc3 23. Nd4 a6 24. f4 g6
25. f5 gxf5 26. Nxf5 Rd8 27. Bxd5 Bxd5 28. Ne7+ Kf8 29. Nxd5 Rc5 30. Rde2 Rcxd5
31. Kf2 Rc8 32. Rb1 Rc3 33. Rbb2 Ke7 34. Rbc2 Rdd3 35. Rxc3 Rxc3 36. Ke1 Kd6
37. Rf2 f5 38. Kd2 Rc7 39. Rf4 Kd5 40. Kd3 a5 41. a3 Rf7 42. Rd4+ Kc6 43. Rh4
Kc5 44. Ke3 Rd7 45. b4+ axb4 46. axb4+ Kd5 47. Rd4+ Kc6 48. Rh4 Ra7 49. Kf3 Kd5
50. Ke3 e5 51. Rh5 Rf7 52. Rh4 f4+ 53. gxf4 exf4+ 54. Kf3 Kc4 55. Rh6 Kxb4 0-1

[Event "Absam-Lustenau"]
[Site "Absam"]
[Date "2004.12.04"]
[Round "4"]
[White "Mrsic, Robert"]
[Black "Ferrari, Josef"]
[Result "1-0"]
[WhiteElo "2072"]
[BlackElo "2220"]
[PlyCount "96"]
[EventDate "2004.??.??"]

{128MB, Power.ctg, LANDESVERBAND} 1. e4 c5 2. Nf3 a6 3. d4 cxd4 4. Nxd4 e5 5.
Nf3 d6 6. Bc4 Be7 7. Bb3 Nf6 8. O-O O-O 9. Nc3 Be6 10. Bg5 Nbd7 11. Bxf6 Nxf6
12. Qd3 Qd7 13. Rfd1 Bxb3 14. axb3 Qc6 15. Nd2 Rfd8 16. Nc4 Bf8 17. Ne3 Rac8
18. h3 g6 19. Ra4 Nd7 20. Qd5 Nc5 21. Qxc6 Rxc6 22. Ra3 Ne6 23. Ncd5 Nf4 24.
Kf1 Rdc8 25. c3 Ne6 26. b4 Kg7 27. Ra5 Rb8 28. Rda1 h5 29. f3 h4 30. Ke2 Kg8
31. R1a2 Rbc8 32. R2a3 Nd4+ 33. cxd4 exd4 34. Ng4 Rc2+ 35. Kd3 Rxg2 36. Rb3
Rcc2 37. Kxd4 Rg3 38. Ndf6+ Kg7 39. b5 Rxh3 40. bxa6 bxa6 41. Rxa6 Rg3 42. Ra8
Rgg2 43. Rb7 g5 44. f4 Rcd2+ 45. Ke3 Rge2+ 46. Kf3 Rxb2 47. Rxb2 Rxb2 48. fxg5
Be7 1-0

[Event "Wörgl-Hohenems"]
[Site "Absam"]
[Date "2004.12.04"]
[Round "4"]
[White "Neuschmied, Siegfried"]
[Black "Atlas, Dmitry"]
[Result "1/2-1/2"]
[WhiteElo "2218"]
[BlackElo "2286"]
[PlyCount "102"]
[EventDate "2004.??.??"]

{128MB, Power.ctg, LANDESVERBAND} 1. e4 e6 2. d4 d5 3. Nd2 Nf6 4. e5 Nfd7 5.
Bd3 c5 6. c3 Nc6 7. Ne2 cxd4 8. cxd4 f6 9. exf6 Nxf6 10. Nf3 Bd6 11. O-O O-O
12. Bf4 Bxf4 13. Nxf4 Ne4 14. Qc1 Ng5 15. Nxg5 Qxg5 16. Bxh7+ Kxh7 17. Nxe6
Qxc1 18. Nxf8+ Kg8 19. Raxc1 Kxf8 20. Rfe1 Bg4 21. f3 Bh5 22. Rcd1 a5 23. Re3
a4 24. Ra3 Ke7 25. Kf2 Kd6 26. Rd2 b5 27. g4 b4 28. Re3 Bg6 29. Re1 b3 30. a3
Rf8 31. Kg3 Bc2 32. f4 Na5 33. Rde2 Be4 34. f5 Nc4 35. h4 Rb8 36. h5 Nxa3 37.
Ra1 Nc2 38. Rxa4 Rc8 39. Kf4 Re8 40. Kg5 Kc6 41. Rd2 Re7 42. Ra8 Ne1 43. Rd1
Bc2 44. Rda1 Nf3+ 45. Kf4 Nxd4 46. R1a6+ Kc5 47. Rc8+ Kb5 48. Rg6 Re4+ 49. Kg3
Re3+ 50. Kf4 Re4+ 51. Kg3 Re3+ 1/2-1/2

[Event "Wüstenrot Salzburg-Innsbrucker SK"]
[Site "Absam"]
[Date "2004.12.04"]
[Round "4"]
[White "Salvermoser, Bernd"]
[Black "Ivanov, Mikhail"]
[Result "1/2-1/2"]
[WhiteElo "2242"]
[BlackElo "2463"]
[PlyCount "115"]
[EventDate "2004.??.??"]

{128MB, Power.ctg, LANDESVERBAND} 1. d4 d6 2. c4 e5 3. dxe5 dxe5 4. Qxd8+ Kxd8
5. Nf3 f6 6. Nc3 Be6 7. b3 c6 8. h3 h5 9. Be3 Ba3 10. Rd1+ Kc7 11. Nd2 Na6 12.
Ndb1 Be7 13. Rc1 Bf5 14. Bd2 Rd8 15. g3 Nb4 16. Bg2 Nc2+ 17. Kd1 Na3 18. e4 Bg6
19. Ke2 h4 20. Be3 Nh6 21. Bxa7 Nxb1 22. Rxb1 Bb4 23. Na4 Rd2+ 24. Ke3 hxg3 25.
a3 Rxf2 26. axb4 Rxg2 27. Bb6+ Kb8 28. Rhd1 f5 29. Rd7 fxe4 30. Bc7+ Ka7 31.
Bxe5 Ra2 32. Bd4+ Ka8 33. Bxg7 Nf5+ 34. Kf4 Rg8 35. Ra1 Rxa1 36. Bxa1 g2 37.
Rd1 Ng3 38. Nb6+ Ka7 39. Nc8+ Kb8 40. Ne7 Ne2+ 41. Ke3 g1=Q+ 42. Rxg1 Nxg1 43.
Be5+ Ka8 44. Nxg8 Nxh3 45. Ne7 Bh7 46. Kd4 Ng1 47. Ke3 Nf3 48. Bg3 Ng5 49. Kf4
Nf3 50. Ke3 Ng5 51. Bh4 Nf3 52. Bf2 Ne5 53. Bg3 Nd3 54. b5 cxb5 55. cxb5 Nb4
56. b6 Nc2+ 57. Kd2 e3+ 58. Ke2 1/2-1/2

[Event "Reutte-Schwaz"]
[Site "Absam"]
[Date "2004.12.04"]
[Round "4"]
[White "Hosp, Reinhard"]
[Black "Kondrak, Christof"]
[Result "1-0"]
[WhiteElo "2131"]
[BlackElo "2189"]
[PlyCount "101"]
[EventDate "2004.??.??"]

{128MB, Power.ctg, LANDESVERBAND} 1. e4 c5 2. Nf3 Nc6 3. d4 cxd4 4. Nxd4 e5 5.
Nb5 a6 6. Nd6+ Bxd6 7. Qxd6 f5 8. Nc3 Qf6 9. Qc5 d6 10. Qb6 Nge7 11. h4 f4 12.
Bd2 O-O 13. Bc4+ Be6 14. Bxe6+ Qxe6 15. O-O-O Nd4 16. Kb1 Rac8 17. g3 fxg3 18.
fxg3 Rc6 19. Qxb7 Rfc8 20. h5 R8c7 21. Qb8+ Rc8 22. Qb4 Rc4 23. Qb7 Nec6 24. h6
Ne7 25. Nd5 Re8 26. Bg5 Ndc6 27. b3 Rc5 28. Nc7 Qc8 29. Qb6 Rd8 30. Bxe7 Nxe7
31. Ne6 Re8 32. Nxc5 dxc5 33. hxg7 Nc6 34. Qxc5 Nd4 35. Qxc8 Rxc8 36. Rxd4 exd4
37. Rh6 Rc3 38. Rxa6 d3 39. cxd3 Rxd3 40. Rf6 Rxg3 41. Kb2 Kxg7 42. Rf1 Re3 43.
a4 Rxe4 44. Ka3 h5 45. a5 h4 46. b4 h3 47. Ka4 h2 48. a6 Rh4 49. Rh1 Kf7 50. a7
Rh8 51. Kb5 1-0

[Event "Innsbrucker SK-Götzis"]
[Site "Absam"]
[Date "2004.12.05"]
[Round "5"]
[White "Hengl, Christian"]
[Black "Lawitsch, Günter"]
[Result "1/2-1/2"]
[WhiteElo "2220"]
[BlackElo "2230"]
[PlyCount "25"]
[EventDate "2004.??.??"]

{128MB, Power.ctg, LANDESVERBAND} 1. e4 e5 2. Nf3 Nf6 3. Nxe5 d6 4. Nf3 Nxe4 5.
Qe2 Qe7 6. d3 Nf6 7. Bg5 Nbd7 8. Nc3 Qxe2+ 9. Bxe2 h6 10. Bd2 g6 11. O-O-O Bg7
12. h3 O-O 13. Rhe1 1/2-1/2

[Event "Innsbrucker SK-Götzis"]
[Site "Absam"]
[Date "2004.12.05"]
[Round "5"]
[White "Reiter, Franz"]
[Black "Wallis, Toni"]
[Result "1/2-1/2"]
[WhiteElo "2070"]
[BlackElo "2177"]
[PlyCount "27"]
[EventDate "2004.??.??"]

{128MB, Power.ctg, LANDESVERBAND} 1. e4 c5 2. Nf3 d6 3. c4 e5 4. d3 Nc6 5. Nc3
Nf6 6. h3 Be7 7. Be2 O-O 8. O-O Ne8 9. Nd5 Nc7 10. Nxc7 Qxc7 11. Ne1 f5 12. f4
fxe4 13. dxe4 Nd4 14. Bg4 1/2-1/2

[Event "Mozart 1910-Bregenz"]
[Site "Absam"]
[Date "2004.12.05"]
[Round "5"]
[White "Maux, Martin"]
[Black "Marchhart, Matthias"]
[Result "1/2-1/2"]
[WhiteElo "2114"]
[BlackElo "2111"]
[PlyCount "33"]
[EventDate "2004.??.??"]

{128MB, Power.ctg, LANDESVERBAND} 1. Nf3 Nf6 2. d4 g6 3. g3 Bg7 4. Bg2 O-O 5.
O-O d5 6. c3 c6 7. Nbd2 Nbd7 8. Qc2 e5 9. dxe5 Ng4 10. e4 dxe4 11. Nxe4 Ndxe5
12. Nxe5 Nxe5 13. Rd1 Qe7 14. Be3 Bg4 15. Bc5 Bxd1 16. Rxd1 Qe6 17. Bxf8
1/2-1/2

[Event "Innsbrucker SK-Götzis"]
[Site "Absam"]
[Date "2004.12.05"]
[Round "5"]
[White "Kranz, Armin"]
[Black "Bärner, Helmut"]
[Result "1/2-1/2"]
[WhiteElo "2149"]
[BlackElo "2143"]
[PlyCount "42"]
[EventDate "2004.??.??"]

{128MB, Power.ctg, LANDESVERBAND} 1. d4 g6 2. c4 c6 3. Nc3 d5 4. e3 Nf6 5. Nf3
Bg7 6. Qb3 O-O 7. Bd2 b6 8. cxd5 cxd5 9. Rc1 Bb7 10. Ne5 Nbd7 11. Nxd7 Qxd7 12.
Be2 Rfc8 13. O-O e6 14. Rc2 Ne4 15. Rfc1 Nxc3 16. Bxc3 Rc7 17. Bb4 Rxc2 18.
Rxc2 Rc8 19. Rc3 Rxc3 20. Qxc3 a5 21. Ba3 Bf8 1/2-1/2

[Event "Innsbrucker SK-Götzis"]
[Site "Absam"]
[Date "2004.12.05"]
[Round "5"]
[White "Teske, Henrik"]
[Black "Dobosz, Henryk"]
[Result "1-0"]
[WhiteElo "2542"]
[BlackElo "2453"]
[PlyCount "33"]
[EventDate "2004.??.??"]

{128MB, Power.ctg, LANDESVERBAND} 1. e4 c5 2. Nf3 e6 3. d4 cxd4 4. Nxd4 Qb6 5.
Be3 Bc5 6. Na3 d5 7. Bb5+ Bd7 8. exd5 exd5 9. O-O Nf6 10. b4 Bxb4 11. Nf5 Qa5
12. Nxg7+ Kf8 13. Nh5 Bxa3 14. Qd4 Nxh5 15. Qxh8+ Ke7 16. Bxd7 Nxd7 17. Qxa8
1-0

[Event "Mozart 1910-Bregenz"]
[Site "Absam"]
[Date "2004.12.05"]
[Round "5"]
[White "Peterwagner, Heinz"]
[Black "Pöttinger, Harald"]
[Result "1/2-1/2"]
[WhiteElo "2214"]
[BlackElo "2259"]
[PlyCount "32"]
[EventDate "2004.??.??"]

{128MB, Power.ctg, LANDESVERBAND} 1. e4 e5 2. Nf3 d6 3. d4 exd4 4. Qxd4 Nc6 5.
Bb5 Bd7 6. Bxc6 Bxc6 7. Nc3 Nf6 8. O-O Be7 9. Bg5 O-O 10. Rfe1 Re8 11. Rad1 h6
12. Bh4 a6 13. Qc4 Ng4 14. Bxe7 Qxe7 15. Nd5 Bxd5 16. exd5 Qd7 1/2-1/2

[Event "Lustenau-Wüstenrot Salzburg"]
[Site "Absam"]
[Date "2004.12.05"]
[Round "5"]
[White "Mrsic, Robert"]
[Black "Hager, Franz"]
[Result "0-1"]
[WhiteElo "2072"]
[BlackElo "2224"]
[PlyCount "72"]
[EventDate "2004.??.??"]

{128MB, Power.ctg, LANDESVERBAND} 1. e4 g6 2. d4 d6 3. Nc3 Bg7 4. Be3 a6 5. Qd2
b5 6. a4 b4 7. Nd1 a5 8. f3 Nd7 9. c3 bxc3 10. bxc3 c6 11. Bd3 Qc7 12. Ne2 e5
13. O-O Ne7 14. Bh6 O-O 15. Bxg7 Kxg7 16. f4 exd4 17. cxd4 f5 18. exf5 Nxf5 19.
Bxf5 Rxf5 20. Ne3 Rf7 21. f5 Nf6 22. Ng3 Be6 23. fxg6 hxg6 24. Nef5+ gxf5 25.
Nxf5+ Bxf5 26. Rxf5 Raf8 27. Qg5+ Kh8 28. Raf1 Qe7 29. h3 d5 30. Qg6 Qe3+ 31.
Kh1 Rg7 32. Rh5+ Kg8 33. Qf5 Nd7 34. Qb1 Qe2 35. Rxf8+ Nxf8 36. Qg1 Qxh5 0-1